| 000 | 00497 a2200169 4500 | ||
|---|---|---|---|
| 003 | Nust | ||
| 005 | 20230123151337.0 | ||
| 040 | _cNust | ||
| 082 | _a808.83,UPD | ||
| 100 |
_aUpidke John _9107467 |
||
| 245 |
_aCouples / _cJohn Updike |
||
| 260 |
_aNew York _bHarper |
||
| 300 | _a455:p | ||
| 505 | _aWelcome to Tarbok (Page-3), Apple smith and Other Games (Page-105), Thin Ice (Page-185), Breakthrough (Page-274), Its Spring Again (Page-373). | ||
| 650 |
_aNovels _9107468 |
||
| 942 |
_2ddc _cBK |
||
| 999 |
_c186665 _d186665 |
||